000 00797nab a2200241 u 4500
001 20752
003 HDC
007 cr bn ---aaaaa
008 210306c |r|noo 0 a d
040 _aHDC
245 0 _aNON-OIL GROWTH A PRIORITY FOR BRUNEI DARUSSALAM
260 _a[No place] :
_b[publisher not identified],
_c2016
336 _atext
_2rdacontent
337 _acomputer
_2rdamedia
338 _aonline resource
_2rdacarrier
650 _aAquaculture industry
_910178
650 _aHalal industry
_9144
710 _aTHE BORNEO POST ONLINE
856 _zRequest full-text at [email protected]
942 _2lcc
942 _cNEWS
942 _kNWSO 010096
999 _c18068
_d18068